000 00353nam a2200145Ia 4500
008 100122s9999 xx 000 0 und d
082 _b51476
_a30
100 _aLEOKUM ARKADY
245 _aSTILL MORE TELL ME WHY
260 _bHAMLYN
_c1977
300 _a399
630 _aSTILL MORE TELL ME WHY
730 _aSTILL MORE TELL ME WHY
942 _cBOOK
999 _c375749
_d375746